| 000 | 00374 a2200157 4500 | ||
|---|---|---|---|
| 001 | 154005 | ||
| 020 | _a9788598232294 | ||
| 040 | _cEscola São Tomás de Aquino | ||
| 100 | _aTEIXEIRA, Geraldo Magela | ||
| 240 | 1 | 0 |
_aCompromisso com a educação _lpor |
| 245 | 1 | 0 | _aCompromisso com a educação |
| 300 | _a270 | ||
| 362 | 0 | _a2008 | |
| 697 | _aEducação | ||
| 942 | _cBK | ||
| 999 |
_c154005 _d154005 |
||